Statistics for Pieces By Artist

Click here to take the quiz!

General Stats

  • This quiz has been taken 17 times
  • The average score is 9 of 27

Answer Stats

PieceArtist% Correct
Mona LisaLeonardo da Vinci
100%
The Starry NightVincent Van Gogh
88%
SunflowersVincent Van Gogh
82%
Water LiliesClaude Monet
76%
The Last SupperLeonardo da Vinci
76%
The KissGustav Klimt
71%
The Birth of VenusSandro Botticelli
71%
Vitruvian ManLeonardo da Vinci
65%
The ThinkerAuguste Rodin
59%
Las MeninasDiego Velázquez
41%
La PietàMichelangelo
35%
The School of AthensRaphael
29%
Café Terrace at NightVincent Van Gogh
29%
Brillo BoxAndy Warhol
24%
Composition with Red Blue and YellowPiet Mondrian
18%
Almond BlossomsVincent Van Gogh
18%
Ecstasy of Saint TeresaGian Lorenzo Bernini
12%
Cirque CalderAlexander Calder
6%
Cloud GateAnish Kapoor
6%
The Sleeping GypsyHenri Rousseau
6%
Doni TondoMichelangelo
6%
The Weeping WomanPablo Picasso
6%
ZucconeDonatello
0%
Madonna and ChildDuccio di Buoninsegna
0%
Apollo and DaphneGian Lorenzo Bernini
0%
La LecturePablo Picasso
0%
Christ the RedeemerPaul Landowski
0%

Score Distribution

Percentile by Number Answered

Percent of People with Each Score

Your Score History

You have not taken this quiz